Sports Quiz

Random Sports or NCAA Quiz

ESPN Tournament Challenge 2017 Favourites Quiz Stats

Quiz not verified by Sporcle

Challenge
Share
Tweet
Embed
Score 0/12 Timer 05:00
0 Plays Today
Seed School % Correct
1UNC
98.1%
2Duke
97.7%
1Gonzaga
93.4%
1Villanova
93%
1Kansas
93%
2Kentucky
91.5%
3UCLA
87.3%
2Arizona
84%
3Oregon
79.8%
7Michigan
79.8%
2Louisville
78.4%
4West Virginia
60.1%

You're not logged in!

Compare scores with friends on all Sporcle quizzes.
Join for Free
OR
Log In

You Might Also Like...

Show Comments

Extras

Top Quizzes Today


Score Distribution

Your Account Isn't Verified!

In order to create a playlist on Sporcle, you need to verify the email address you used during registration. Go to your Sporcle Settings to finish the process.

Report this User

Report this user for behavior that violates our Community Guidelines.

Details: